African Countries NOT Bordering the 10 Biggest by Area - Statistics

General Stats
  • This quiz has been taken 134 times
  • The average score is 8 of 9
Answer Stats
Country % Correct
Gambia
97%
Guinea Bissau
90%
Togo
90%
Ghana
89%
Liberia
88%
Sierra Leone
87%
Equatorial Guinea
83%
Gabon
74%
Malawi
73%
No matching quizzes found
Score Distribution
Percent of People with Each Score
Percentile by Number Answered
Your Score History
You have not taken this quiz